000 00686nam a22001937a 4500
003 OSt
005 20220921201721.0
008 220921b |||||||| |||| 00| 0 eng d
040 _cBiblioteca Lado V
082 _a708
_bC169e
100 _aCalvo, Ernesto
_ejefe curador
245 _aExperiencias, Coleccionar, Comunicar, Contactar, 1 museo vivo/
260 _aSan Jose, Costa Rica
_bMuseo de arte y diseño contemporáneo
_c2004
300 _a45p.
_c18x19cm
650 _2Tesauro de Arte & Arquitectura
_aFOTOGRAFIA
650 _2Tesauro de Arte & Arquitectura
_aARTE
650 _2Tesauro de Arte & Arquitectura
_aEXPOSICION
942 _2ddc
_c1
_h708
_iC169e
_n0
999 _c2092
_d2092